Detalles MARC
| 000 -LEADER |
| fixed length control field |
01728nam a2200205 a 4500 |
| 008 - CAMPO DE CONTROL (LIBRO) |
| fixed length control field |
180524s2003 a |||gr|||| 000 f spa d |
| 020 ## - INTERNATIONAL STANDARD BOOK NUMBER |
| ISBN |
9506440255 |
| 041 ## - CODIGO DE IDIOMA |
| Código de idioma del texto/pista de sonido o título separado |
spa |
| 092 ## - SIGNATURA TOPOGRAFICA DEWEY LOCAL |
| número de clasificación |
808 |
| libristica |
81 |
| sección |
STE |
| 100 1# - ENTRADA PRINCIPAL--NOMBRE PERSONAL |
| Nombre personal |
Steel, Danielle |
| 9 (RLIN) |
3936 |
| 245 ## - TITULO PROPIAMENTE DICHO |
| Título |
Águila solitaria / |
| Mención de responsabilidad y remanente de la transcripción de la portada |
Danielle Stell |
| 250 ## - MENCION DE EDICION |
| Mención de edición |
1a ed. |
| Mención de responsabilidad relacionada con la ed. |
Traducción Eduardo G. Murillo |
| 260 ## - PIE DE IMPRENTA |
| Lugar de publicación, distribución, etc |
Buenos Aires: |
| Nombre de la editorial, distribuidor, etc |
Plaza & Janés; |
| Fecha de publicación |
2003. |
| 300 ## - DESCRIPCION FISICA |
| Extension |
320 p. |
| Dimensiones |
23x16cm |
| 500 ## - NOTA GENERAL |
| Nota general |
Steel, D. ( 2003). Águila solitaria. (1a ed.). Buenos Aires : Plaza & Janes. |
| 505 ## - NOTA DE CONTENIDO |
| Nota de contenido formateada |
Desde la noche que le conoció, en un baile de sociedad, en diciembre de 1940, kate Jamison supo que Joe Allbright había entrado en su vida para no salir de ella nunca más. De inmediato se sintió atraída por aquel hombre mayor que ella, un aviador famoso, en quien adivinó a alguien especial, poco corriente, brillante y lejano a un tiempo, como una estrella. En los meses que siguieron a su primer encuentro un vínculo se fue estrechando entre ambos, tan fuerte que ni el estallido de la guerra, ni las peligrosas misiones de Joe bajo el cielo de Europa, ni la oposición de la familia de Kate podrían romper. Pero, al acabar la guerra, Kate tuvo que aceptar que su deseo de casarse y formar una familia no tenia cabida en la vida y los sueños de Joe, cuya auténtica pasión era volar. Debía tomar una decisión, encontrar su propio camino...sin saber que nadie puede escapar de su destino. Una historia de amor incondicional, de sacrificio y de compromiso. Porque, si se quiere a alguien de verdad, hay que tener el valor necesario de dejarle volar en libertad. |
| 590 ## - NOTAS LOCALES (RLIN) |
| Nota local |
Proyecto 4to libro. Donación Victoria Lara, mayo 2018. |
| 655 ## - MATERIA - GENERO/FORMA |
| Género/Forma |
Literatura |
| -- |
2917 |
| 942 ## - ADDED ENTRY ELEMENTS (KOHA) |
| Source of classification or shelving scheme |
Dewey Decimal Classification |
| Item type |
LITERATURA |